Equity sharing lease (Record no. 63006)
[ view plain ]
| 000 -LEADER | |
|---|---|
| fixed length control field | 01049cam a2200217 4500 |
| 001 - CONTROL NUMBER | |
| control field | WB3613-21 |
| 008 - FIXED-LENGTH DATA ELEMENTS--GENERAL INFORMATION | |
| fixed length control field | 000000n2000 000 0 eng u |
| 035 ## - SYSTEM CONTROL NUMBER | |
| System control number | (Sirsi) u105059 |
| 245 ## - TITLE STATEMENT | |
| Title | Equity sharing lease |
| 260 ## - PUBLICATION, DISTRIBUTION, ETC. | |
| Date of publication, distribution, etc. | 2000 |
| 490 ## - SERIES STATEMENT | |
| Series statement | Estates Gazette |
| Volume/sequential designation | [2000] EGCS 40 (25 March 2000) |
| 520 ## - SUMMARY, ETC. | |
| Summary, etc. | "Standard Life Co Ltd v Greycoat Devonshire Square Ltd" ChD 14 March 2000. Long lease of a commercial premises. Lessee obliged to pay additional rent expressed as a percentage of amounts received from occupying tenants. A departing tenant made a payment to G in respect of dilapidations. At issue was whether a percentage of this payment was part of the gross rent payable under the terms of the lease. "Held" the damages did not form part of the gross rents. |
| 590 ## - LOCAL NOTE (RLIN) | |
| Local note | WB |
| 650 ## - SUBJECT ADDED ENTRY--TOPICAL TERM | |
| Topical term or geographic name entry element | STANDARD LIFE CO LTD V GREYCOAT DEVONSHIRE SQUARE LTD |
| 650 ## - SUBJECT ADDED ENTRY--TOPICAL TERM | |
| Topical term or geographic name entry element | Dilapidations |
| 9 (RLIN) | 6235 |
| 650 ## - SUBJECT ADDED ENTRY--TOPICAL TERM | |
| Topical term or geographic name entry element | REVERSE PREMIUMS |
| 650 ## - SUBJECT ADDED ENTRY--TOPICAL TERM | |
| Topical term or geographic name entry element | REPAIRING COVENANT |
| 650 ## - SUBJECT ADDED ENTRY--TOPICAL TERM | |
| Topical term or geographic name entry element | DAMAGES |
| 690 ## - LOCAL SUBJECT ADDED ENTRY--TOPICAL TERM (OCLC, RLIN) | |
| Topical term or geographic name as entry element | LANDLORD AND TENANT-CASE LAW-LEASES |
| 942 ## - ADDED ENTRY ELEMENTS (KOHA) | |
| Suppress in OPAC | 0 |
| Withdrawn status | Lost status | Source of classification or shelving scheme | Damaged status | Not for loan | Home library | Current library | Shelving location | Date acquired | Total Checkouts | Full call number | Barcode | Date last seen | Copy number | Price effective from | Koha item type |
|---|---|---|---|---|---|---|---|---|---|---|---|---|---|---|---|
| Dewey Decimal Classification | London | London | News article | 28/03/2000 | WB3613-21 | 105059-1001 | 06/08/2019 | 1 | 06/08/2019 | Law report |